00446nam a2200205Ia 4500003000400000005001700004008004100021020001800062040000700080041000800087082002100095100002000116245002300136250000600159260002800165300000700193365001400200650001200214650001400226OSt20230421101257.0210423s2009 xx 000 0 und d a9780415772105 cAL aeng a332.1223b HANJ aHANDA (Jagdish) aMonetary economics a2 aLondonbRoutledgec2009 bPB b4337cINR aBanking aEconomics